Music Quiz

Random Music or Missing Word Quiz

Commonest English Verbs... In Song Titles Quiz Stats

Quiz Updated Aug 25, 2015

Challenge
Share
Tweet
Embed
Score 0/25 Timer 05:00
6 Plays Today
Hint Missing Verb % Correct
Wouldn't It ____ NiceBe
99.6%
The Way You ____ Me FeelMake
98.3%
Where the Streets ____ No NameHave
98.3%
Every Breath You ____Take
97.9%
____ They Know It's Christmas?Do
96.6%
You Can't Always ____ What You WantGet
95.9%
You ____ Love a Bad NameGive
91.1%
____ Your Own WayGo
90.9%
____ My NameSay
89%
I ____ to Break FreeWant
88.4%
We Can ____ It OutWork
83%
You Oughta ____Know
82.7%
____ Me MaybeCall
82%
Hint Missing Verb % Correct
____ as You AreCome
79.9%
I Bet You ____ Good on the DancefloorLook
75.5%
I Can ____ For MilesSee
73.3%
I ____ I'm ParanoidThink
64.8%
____ Good Inc.Feel
62.6%
____ a Little TendernessTry
56.9%
You Never Can ____Tell
51.7%
____ SomebodyUse
46.3%
For Emily, Whenever I May ____ HerFind
43.8%
Babe I'm Gonna ____ YouLeave
27.8%
If You Have to ____Ask
18.1%
As Ugly As I ____Seem
15.5%

You're not logged in!

Compare scores with friends on all Sporcle quizzes.
Join for Free
OR
Log In

You Might Also Like...

Show Comments

Extras

Top Quizzes Today


Score Distribution

Your Account Isn't Verified!

In order to create a playlist on Sporcle, you need to verify the email address you used during registration. Go to your Sporcle Settings to finish the process.

Report this User

Report this user for behavior that violates our Community Guidelines.

Details: